000 00759nam a2200205 4500
001 147969
003 ES-MaACL
005 20240516063059.0
007 t|
008 070214s1922 fr r ||||1| fre d
100 0 _aStevenson, Robert Louis,
_d1850-1894
_9108169
245 1 0 _aEnlevé!
_b: mémoire relatant les aventures de David Balfour en l'an 1751 /
_cRobert L. Stevenson ; traduction et préface d'Albert Savine.
260 _aParis :
_bLibraire Stock,
_c1922 (
_eSaint-Amand :
_fImp. Bussière)
300 _aLXXVI, 124 p. ;
_c19 cm.
490 1 _aBibliothèque cosmopolite ;
_v16
710 2 _aSavine, Albert.
_96509
830 0 _aBibliothèque cosmopolite ;
_v16
_9181494
852 _aES-MaACL
_jG-3401
999 _c147969
_d147969